banner-ar

Giza and the Pyramids : (Record no. 64272)

MARC details
000 -الفاتح
حقل البيانات ثابتة الطول 00973cam a2200253 i 4500
005 - وقت وتاريخ اخر تعامل مع التسجيلة
رقم الضبط 20240530110723.0
008 - عناصر البيانات ثابتة الطول - معلومات عامة
حقل البيانات ثابتة الطول 160314s2017 ua ab f b 001 0 eng c
020 ## - الرقم الدولى المعيارى للكتب
الرقم الدولى المعيارى للكتاب 9789774168147
040 ## - مصدر الفهرسة
وكالة الفهرسة الأصلية EG-CaGPL
وكالة النسخ EG-CaGPL
082 04 - رقم تصنيف ديوى العشرى
رقم التصنيف 932 /
رقم المادة L G/CC
رقم الطبعة 21
100 1# - المدخل الرئيسى - إسم شخصى
الإسم الشخصى Lehner, Mark,
الدور author.
245 10 - بيان العنوان
العنوان Giza and the Pyramids :
بقية العنوان The Definitive History /
بيان المسئوليه,etc Mark Lehner and Zahi Hawass.
260 ## - PUBLICATION, DISTRIBUTION, ETC. (IMPRINT)
تاريخ النشر أو التوزيع 2017.
300 ## - الوصف المادى
التعداد 560 pages :
تفاصيل ماديه اخرى للوعاء illustrations (chiefly color), maps (chiefly color) ;
أبعاد الوعاء 29 cm
504 ## - تبصرة ببليوجرافية
تبصرة ببليوجرافية,الخ Includes bibliographical references (pages 537-542) and index.
650 07 - المدخل الاضافى بالموضوع-مصطلح موضوعى
مصطلح موضوعي Pyramids of Giza (Egypt)
مصدر الرأس أو المصطلح qrmak
650 07 - المدخل الاضافى بالموضوع-مصطلح موضوعى
مصطلح موضوعي Tombs
التقسيم الفرعي الجغرافي Egypt
-- Jīzah.
مصدر الرأس أو المصطلح qrmak
651 07 - المدخل الاضافى بالموضوع - اسم جغرافى
الاسم الجغرافي Egypt
التقسيم الفرعي العام Antiquities.
مصدر الرأس أو المصطلح qrmak
700 1# - المدخل الاضافى - اسم شخصى
الإسم الشخصى Hawass, Zahi A.,
الدور author.
942 ## - عناصر المدخل الإضافي( كوها)
مصدر التصنيف او مخطط الترفيف Dewey Decimal Classification
Koha [default] item type كتاب
260 ## - PUBLICATION, DISTRIBUTION, ETC. (IMPRINT)
-- :Cairo
-- The American University in Cairo Press,
906 ## - عنصر بيانات محلى F, LDF (RLIN)
a 7
b cbc
c orignew
d 1
e ecip
f 20
g y-gencatlg
Holdings
حالة التراجع حالة الفقد حالة تلف ليس للاعارة المكان المؤقت الموقع الحالى موقع الترفيف تاريخ الاكتساب اجمالي اﻻعارات رقم الطلب الباركود تاريخ اخر مشاهدة تاريخ تفعيل السعر نوع وعاء كوها
        مكتبة القاهرة الكبرى مكتبة القاهرة الكبرى   04/05/2018   932 / L G/CC 164432 04/05/2018 04/05/2018 كتاب

Powered By

EGPV